| 000 | 00585nam a22001937a 4500 | ||
|---|---|---|---|
| 003 | CEME | ||
| 005 | 20210628202618.0 | ||
| 008 | 210209b xxu||||| |||| 00| 0 eng d | ||
| 020 | _a81-7808-338-8 | ||
| 040 | _c. | ||
| 082 | _a004.66 HAN | ||
| 100 |
_aHuber, Manfred.N,Schroder, Stefan,Handel, Rainer _960709 |
||
| 245 | _aAtm networks concepts, protocols, applications | ||
| 250 | _a3RD | ||
| 260 |
_aINDIA _bPEARSON EDUCATION ASIA _c2002 |
||
| 300 | _aXVI,327P | ||
| 650 |
_aATM NETWORKS APPLICATIONS; ATM NETWORKS PROTOCOLS; ATM NETWORKS CONCEPTS _960710 |
||
| 942 |
_cBK _2ddc |
||
| 999 |
_c570376 _d570376 |
||